Central Library OPAC University of Rajshahi

The state and economic enterprise in Japan : (Record no. 1989)

MARC details
000 -LEADER
fixed length control field 01295cam a22003251 4500
001 - CONTROL NUMBER
control field 1989
003 - CONTROL NUMBER IDENTIFIER
rucl marc code BD-RjUL
005 - DATE AND TIME OF LATEST TRANSACTION
control field 20211208233446.0
008 - FIXED-LENGTH DATA ELEMENTS--GENERAL INFORMATION
fixed length control field 131110r1970 njua 00| 0 eng d
020 ## - INTERNATIONAL STANDARD BOOK NUMBER
International Standard Book Number 0691021627
035 ## - SYSTEM CONTROL NUMBER
System control number (BD-RjUL)2016
System control number (OCoLC)228274
040 ## - CATALOGING SOURCE
Original cataloging agency DLC
Transcribing agency ODaWU
Modifying agency OCoLC
-- BD-RjUL
Language of cataloging eng
041 ## - LANGUAGE CODE
Language code of text/sound track or separate title eng
082 04 - DEWEY DECIMAL CLASSIFICATION NUMBER
Classification number 338.0952
Author mark and year LOS 1970
100 1# - MAIN ENTRY--PERSONAL NAME
Personal name Lockwood, William W.
Fuller form of name (William Wirt),
Dates associated with a name 1906-1978,
9 (RLIN) 6549
245 14 - TITLE STATEMENT
Title The state and economic enterprise in Japan :
Remainder of title essays in the political economy of growth /
Statement of responsibility, etc. Edited by William W. Lockwood. Contributors: M. Bronfenbrenner [and others]
260 ## - PUBLICATION, DISTRIBUTION, ETC. (IMPRINT)
Place of publication, distribution, etc. Princeton, N.J. :
Name of publisher, distributor, etc. Princeton University Press,
Date of publication, distribution, etc. c1965 [reprinted1970]
300 ## - PHYSICAL DESCRIPTION
Pagination x, 753 p. :
Illustrations illus. ;
Size 22 cm.
500 ## - GENERAL NOTE
General note Contributions to a seminar sponsred by the Conference on Modern Japan and held at Estes Park, Colo., in June 1963.
504 ## - BIBLIOGRAPHY, ETC. NOTE
Bibliography, etc Includes Index & Bibliographical footnotes.
650 #0 - SUBJECT ADDED ENTRY--TOPICAL TERM
Topical term or geographic name as entry element Industrial policy
Geographic subdivision Japan.
9 (RLIN) 6551
651 #0 - SUBJECT ADDED ENTRY--GEOGRAPHIC NAME
Geographic name Japan
General subdivision Economic conditions.
9 (RLIN) 6179
700 1# - ADDED ENTRY--PERSONAL NAME
Personal name Bronfenbrenner, Martin,
Dates associated with a name 1914-1997.
710 2# - ADDED ENTRY--CORPORATE NAME
Corporate name or jurisdiction name as entry element Conference on Modern Japan.
9 (RLIN) 6553
942 ## - ADDED ENTRY ELEMENTS (KOHA)
Source of classification or shelving scheme Dewey Decimal Classification
Koha item type Books
Holdings
Lost status Source of classification or shelving scheme Damaged status Not for loan Collection code Permanent Location Current Location Shelving location Date acquired Source of acquisition Cost, normal purchase price Total Checkouts Full call number Date last seen Copy number Koha item type
  Dewey Decimal Classification   Not For Loan Non-fiction Central Library, University of Rajshahi Central Library, University of Rajshahi Reading Room 28/05/1975 Johnathan Wren and co. 8.90   338.0952 LOS 1970 10/12/2013 C-1 Books
  Dewey Decimal Classification     Non-fiction Central Library, University of Rajshahi Central Library, University of Rajshahi   28/05/1975 Johnathan Wren and co. 8.90   338.0952 LOS 1970 03/05/2015 C-2 Books
  Dewey Decimal Classification     Non-fiction Central Library, University of Rajshahi Central Library, University of Rajshahi   25/04/1979 Japan Foundation     338.0952 LOS 1970 20/06/2016 C-3 Books
  Dewey Decimal Classification     Non-fiction Central Library, University of Rajshahi Central Library, University of Rajshahi   28/05/1975 Gonathan and Co. 8.90   338.0952 LOS 1970 20/06/2016 C-4 Books